<?xml version="1.0" encoding="UTF-8"?>
<collection xmlns="http://www.loc.gov/MARC21/slim">
 <record>
  <leader>01301cam a2200337 7i4500</leader>
  <controlfield tag="001">0000155941</controlfield>
  <controlfield tag="005">20250112090000.0</controlfield>
  <controlfield tag="006">##m   gq a#     </controlfield>
  <controlfield tag="007">##co#cg#   uuuuu</controlfield>
  <controlfield tag="008">2t20242024my #   g## a###     may##</controlfield>
  <datafield tag="020" ind1="#" ind2="#">
   <subfield code="a">97730838304444 </subfield>
  </datafield>
  <datafield tag="022" ind1="#" ind2="#">
   <subfield code="a">30838304</subfield>
  </datafield>
  <datafield tag="090" ind1="0" ind2="0">
   <subfield code="a">LG 173  </subfield>
   <subfield code="b">.E2 2024</subfield>
  </datafield>
  <datafield tag="100" ind1="1" ind2="#">
   <subfield code="a">Nurul Syuhada Abu Bakar </subfield>
   <subfield code="e">author </subfield>
  </datafield>
  <datafield tag="245" ind1="1" ind2="0">
   <subfield code="a">E-buletin PASTEM Pusat Asasi STEM Universiti Malaysia Terengganu  </subfield>
   <subfield code="c">author,Nurul Syuhada Abu Bakar;editor Siti Zairyn Fakurol Rodzi;Azahar Mohd Sinin.</subfield>
  </datafield>
  <datafield tag="264" ind1="#" ind2="1">
   <subfield code="a">Kuala Nerus, Terengganu: </subfield>
   <subfield code="b">Penerbit UMT, </subfield>
   <subfield code="c">[2024]</subfield>
  </datafield>
  <datafield tag="264" ind1="#" ind2="4">
   <subfield code="c">♭2024</subfield>
  </datafield>
  <datafield tag="300" ind1="#" ind2="#">
   <subfield code="a">1 computer disc (xiv, 45 pages): </subfield>
   <subfield code="b">colour illustrations; </subfield>
   <subfield code="c">12 cm</subfield>
  </datafield>
  <datafield tag="336" ind1="#" ind2="#">
   <subfield code="a">text -- </subfield>
   <subfield code="2">rdacontent</subfield>
  </datafield>
  <datafield tag="337" ind1="#" ind2="#">
   <subfield code="a">computer2rdamedia</subfield>
  </datafield>
  <datafield tag="338" ind1="#" ind2="#">
   <subfield code="a">computerdisc -- </subfield>
   <subfield code="2">rdacarrier</subfield>
  </datafield>
  <datafield tag="347" ind1="#" ind2="#">
   <subfield code="a">text file</subfield>
   <subfield code="2">rdaft</subfield>
  </datafield>
  <datafield tag="347" ind1="#" ind2="#">
   <subfield code="b">PDF</subfield>
  </datafield>
  <datafield tag="590" ind1="#" ind2="#">
   <subfield code="a">Perpustakaan Sultanah Nur Zahirah</subfield>
  </datafield>
  <datafield tag="610" ind1="0" ind2="0">
   <subfield code="a">Universiti Malaysia Terengganu </subfield>
  </datafield>
  <datafield tag="650" ind1="0" ind2="0">
   <subfield code="a">Universities and colleges -- </subfield>
   <subfield code="x">Faculty -- </subfield>
   <subfield code="z">Malaysia -- </subfield>
   <subfield code="z">Terengganu </subfield>
  </datafield>
  <datafield tag="650" ind1="0" ind2="0">
   <subfield code="a">Government publications -- </subfield>
   <subfield code="z">Malaysia </subfield>
  </datafield>
  <datafield tag="650" ind1="0" ind2="0">
   <subfield code="a">Education, Higher -- </subfield>
   <subfield code="z"> Malaysia -- </subfield>
   <subfield code="z">Terengganu </subfield>
  </datafield>
  <datafield tag="700" ind1="0" ind2="#">
   <subfield code="a">Siti Zairyn Fakurol Rodzi </subfield>
  </datafield>
  <datafield tag="700" ind1="0" ind2="#">
   <subfield code="a">Azahar Mohd Sinin </subfield>
  </datafield>
  <datafield tag="999" ind1=" " ind2=" ">
   <subfield code="a">1100116990</subfield>
   <subfield code="b">CD-ROM</subfield>
   <subfield code="c">BAHAN SUMBER MEDIA</subfield>
   <subfield code="e">BILIK BAHAN SUMBER MEDIA</subfield>
  </datafield>
 </record>
</collection>
